[Event "14e Open International de la Reunion"]
[Site "St Denis"]
[Date "2012.10.10"]
[Round "5.20"]
[White "Genne, Rene"]
[Black "Deurvillier, Martial"]
[Result "1/2-1/2"]
[WhiteElo "1795"]
[BlackElo "1620"]
[PlyCount "47"]
[EventDate "2012.??.??"]

1. b4 e5 2. Bb2 Bxb4 3. Bxe5 Nf6 4. c4 Nc6 5. Bb2 O-O 6. Nf3 d5 7. cxd5 Nxd5 8.
e3 Bf5 9. Be2 Re8 10. O-O a6 11. d3 Nf6 12. a3 Bd6 13. h3 Ne5 14. d4 Nxf3+ 15.
Bxf3 Be4 16. Nd2 Bxf3 17. Nxf3 Qe7 18. Re1 Ne4 19. Qd3 h6 20. Re2 Rad8 21. Qc2
b6 22. Nd2 Nxd2 23. Rxd2 Qe4 24. Qxe4 1/2-1/2

[Event "14e Open International de la Reunion"]
[Site "St Denis"]
[Date "2012.10.10"]
[Round "5.21"]
[White "Craquelin, Mathie"]
[Black "Duprey, Francois-Xavier"]
[Result "0-1"]
[WhiteElo "1590"]
[BlackElo "1792"]
[PlyCount "246"]
[EventDate "2012.??.??"]

1. e4 c5 2. Nf3 d6 3. d4 cxd4 4. Nxd4 Nf6 5. Nc3 g6 6. Be3 Bg7 7. Be2 O-O 8.
O-O Nc6 9. Nf3 Bg4 10. h3 Bxf3 11. Bxf3 Ne5 12. Be2 Qc8 13. Bg5 Nc4 14. Rb1 Qc5
15. Bxf6 Bxf6 16. Bxc4 Qxc4 17. Qd5 Qc7 18. Qd3 Bxc3 19. Qxc3 Qxc3 20. bxc3 b6
21. Rb3 Rfc8 22. f3 Rc4 23. Rd1 Rac8 24. Rd3 R8c5 25. Kf2 Ra5 26. Rb4 Rac5 27.
Rxc4 Rxc4 28. Ke3 Ra4 29. Rd1 Rxa2 30. Kd3 Kg7 31. Rb1 Kf6 32. g3 Ke6 33. c4
Kd7 34. Kc3 Ra3+ 35. Rb3 Ra1 36. Kb2 Ra4 37. Kc3 Kc6 38. Kd4 e5+ 39. Kd3 a6 40.
h4 Kc5 41. Rc3 Ra1 42. Ke2 Rb1 43. Ke3 Rb2 44. Kd2 a5 45. Rd3 a4 46. Rd5+ Kc6
47. Rd3 Rb1 48. Ke2 Rb4 49. Rc3 Kc5 50. Kd3 f6 51. g4 h6 52. h5 g5 53. Kd2 Rxc4
54. Ra3 b5 55. c3 b4 56. cxb4+ Kxb4 57. Ra1 Kb3 58. Rb1+ Ka3 59. Ra1+ Kb2 60.
Re1 Rc2+ 61. Kd3 a3 62. Ke3 a2 63. Kd3 a1=Q 64. Rxa1 Rc3+ 65. Kd2 Rxf3 66. Ra6
Rf4 67. Rxd6 Rxe4 68. Rxf6 Rxg4 69. Rxh6 Kb3 70. Rh8 Kc4 71. Ke3 Kd5 72. h6 Rh4
73. h7 Rh3+ 74. Kf2 Ke4 75. Kg2 g4 76. Kf2 Rf3+ 77. Kg2 Rf7 78. Kg3 Rg7 79. Kg2
g3 80. Kg1 g2 81. Rg8 Rxh7 82. Rxg2 Rh5 83. Re2+ Kd3 84. Re1 e4 85. Kg2 Rf5 86.
Kg3 Rf3+ 87. Kg2 Re3 88. Rd1+ Ke2 89. Rd7 Rd3 90. Re7 e3 91. Re6 Rd2 92. Kg1
Rd3 93. Kg2 Ke1 94. Kg1 Kd2 95. Kf1 Rd4 96. Re5 Rf4+ 97. Kg2 e2 98. Kg3 Rf8 99.
Rd5+ Ke1 100. Re5 Rd8 101. Kf3 Rd3+ 102. Kg2 Rd4 103. Kf3 Rd3+ 104. Kg2 Rd8
105. Kf3 Rf8+ 106. Ke3 Kf1 107. Kd2 Rd8+ 108. Kc2 e1=Q 109. Rxe1+ Kxe1 110. Kc3
Kd1 111. Kc4 Kc2 112. Kc5 Kc3 113. Kc6 Kc4 114. Kc7 Rd5 115. Kc6 Kd4 116. Kb6
Rc5 117. Ka6 Kd5 118. Kb7 Rc6 119. Ka7 Kd6 120. Kb7 Kd7 121. Ka8 Kc7 122. Ka7
Rd6 123. Ka8 Ra6# 0-1

[Event "14e Open International de la Reunion"]
[Site "St Denis"]
[Date "2012.10.10"]
[Round "5.22"]
[White "Karcher, Roger"]
[Black "Desire, Michael"]
[Result "0-1"]
[WhiteElo "1570"]
[BlackElo "1780"]
[PlyCount "66"]
[EventDate "2012.??.??"]

1. c4 Nf6 2. g3 e6 3. Bg2 Bc5 4. a3 a5 5. d4 Be7 6. Nc3 O-O 7. Nf3 d5 8. c5 c6
9. O-O Nbd7 10. Re1 b6 11. cxb6 Qxb6 12. e3 Ba6 13. Na4 Qc7 14. b3 Ne4 15. Nd2
Bd3 16. Nb2 Nc3 17. Qh5 Nf6 18. Qg5 h6 19. Qf4 Bd6 20. Qf3 Be4 21. Nxe4 dxe4
22. Qd1 Nxd1 23. Rxd1 Rfb8 24. Bd2 Rxb3 25. Nc4 Rd3 26. Bf1 Rb3 27. Rdc1 a4 28.
Be2 Nd5 29. f3 exf3 30. Bxf3 Qe7 31. Nxd6 Qxd6 32. Bd1 Rxa3 33. Rab1 Nxe3 0-1

[Event "14e Open International de la Reunion"]
[Site "St Denis"]
[Date "2012.10.10"]
[Round "5.23"]
[White "Bah, Ismael"]
[Black "Han Yee Yu, Jerome"]
[Result "1/2-1/2"]
[WhiteElo "1768"]
[BlackElo "1603"]
[PlyCount "257"]
[EventDate "2012.??.??"]

1. b3 Nf6 2. c4 g6 3. Bb2 Bg7 4. Nf3 O-O 5. d4 d5 6. cxd5 c5 7. dxc6 Nxc6 8. e3
Bf5 9. Bd3 Bxd3 10. Qxd3 e5 11. Qd2 exd4 12. Nxd4 Ne4 13. Qd3 Nxd4 14. Bxd4
Bxd4 15. Qxd4 Qxd4 16. exd4 Rfd8 17. f3 Nf6 18. O-O Rxd4 19. Na3 Rd5 20. Nc4
Kf8 21. Rfe1 Re8 22. Rxe8+ Nxe8 23. Rc1 Rc5 24. Re1 f6 25. Re2 Kf7 26. Kf2 b5
27. Nb2 Nc7 28. Nd3 Rd5 29. Nb4 Rd6 30. Rc2 Nd5 31. Nxd5 Rxd5 32. Rc7+ Ke6 33.
Rxa7 Rd2+ 34. Kg3 Rb2 35. Rb7 Rxa2 36. Rxb5 Rb2 37. h4 h5 38. Rb6+ Kf7 39. b4
Ke7 40. b5 Rb4 41. Rb7+ Kd8 42. b6 f5 43. Rb8+ Kd7 44. b7 f4+ 45. Kh2 Rb6 46.
Rf8 Rxb7 47. Rxf4 Ke7 48. Kg3 Rb6 49. Ra4 Kf6 50. Kf4 Rb2 51. Ra6+ Kf7 52. g3
Rf2 53. Ra4 Kf6 54. Ra1 Re2 55. Rf1 Rh2 56. Rg1 Rf2 57. Ke3 Ra2 58. Rd1 Rg2 59.
Kf4 Rf2 60. Rh1 Rg2 61. Ra1 Rf2 62. Rh1 Rg2 63. Ke3 Ra2 64. Rf1 Rg2 65. Kf4 Rh2
66. Ra1 Rf2 67. Ra3 Rh2 68. Ra5 Rf2 69. Ke3 Rg2 70. Rg5 Ra2 71. Kf4 Ra4+ 72.
Ke3 Ra3+ 73. Kf2 Ra2+ 74. Kg1 Ra1+ 75. Kh2 Ra2+ 76. Kh3 Ra3 77. Kg2 Ra2+ 78.
Kf1 Ra3 79. Kf2 Ra2+ 80. Kg1 Ra1+ 81. Kh2 Ra2+ 82. Kh3 Ra3 83. f4 Rf3 84. Kg2
Ra3 85. f5 gxf5 86. Rxh5 Kg6 87. Rg5+ Kf6 88. Rg8 Rb3 89. Kh3 Rb1 90. Ra8 Rd1
91. Ra6+ Kg7 92. Kg2 Rd3 93. Ra1 Kg6 94. Rf1 Rc3 95. Rf3 Rc2+ 96. Kf1 Rc1+ 97.
Ke2 Rg1 98. Ke3 Rg2 99. Kf4 Re2 100. Re3 Rf2+ 101. Rf3 Re2 102. Rf1 Rb2 103.
h5+ Kxh5 104. Kxf5 Rb5+ 105. Kf4 Rb4+ 106. Kf3 Rb3+ 107. Kg2 Kg4 108. Rf4+ Kg5
109. Rc4 Ra3 110. Kh3 Rb3 111. Rc5+ Kg6 112. Kh4 Rb4+ 113. g4 Rf4 114. Rc6+ Rf6
115. Rxf6+ Kxf6 116. Kh5 Kg7 117. Kg5 Kh7 118. Kf6 Kg8 119. g5 Kf8 120. Kg6 Kg8
121. Kf5 Kf7 122. g6+ Kg7 123. Kg5 Kg8 124. Kg4 Kf8 125. Kg5 Kg8 126. Kf4 Kf8
127. Kg5 Kg8 128. Kh5 Kg7 129. Kg5 1/2-1/2

[Event "14e Open International de la Reunion"]
[Site "St Denis"]
[Date "2012.10.10"]
[Round "5.24"]
[White "Lecaille, Max"]
[Black "Olivier, Tom"]
[Result "0-1"]
[WhiteElo "1545"]
[BlackElo "1760"]
[PlyCount "52"]
[EventDate "2012.??.??"]

1. e4 c5 2. c3 d6 3. d4 cxd4 4. cxd4 g6 5. Nf3 Bg7 6. Bc4 Nf6 7. Nc3 O-O 8. O-O
Nc6 9. Be3 a6 10. Qd2 b5 11. Bd5 Bb7 12. Bh6 e6 13. Bb3 b4 14. Bxg7 Kxg7 15. e5
dxe5 16. dxe5 Nxe5 17. Qxd8 Nxf3+ 18. gxf3 Rfxd8 19. Na4 Bxf3 20. Rac1 Nh5 21.
Bd1 Bxd1 22. Rfxd1 Nf4 23. Kf1 Rac8 24. b3 Rc2 25. Ke1 Nd3+ 26. Kf1 Rxc1 0-1

[Event "14e Open International de la Reunion"]
[Site "St Denis"]
[Date "2012.10.10"]
[Round "5.25"]
[White "Vitry, Patrick"]
[Black "Oster, Jean-Marie"]
[Result "1-0"]
[WhiteElo "1750"]
[BlackElo "1571"]
[PlyCount "107"]
[EventDate "2012.??.??"]

1. e4 c5 2. Nf3 e6 3. c3 Nc6 4. d4 cxd4 5. cxd4 Nf6 6. Nc3 d5 7. e5 Nd7 8. a3
Be7 9. Bb5 a6 10. Ba4 O-O 11. Qd3 f6 12. Bc2 g6 13. Bh6 Rf7 14. exf6 Nxf6 15.
O-O Ng4 16. Bd2 Bf8 17. h3 Nf6 18. Rae1 Bg7 19. Ng5 Re7 20. Bf4 Qe8 21. Bd6 e5
22. Bxe7 e4 23. Qd1 Qxe7 24. Nf3 Bd7 25. Bb3 Qd6 26. Ne5 Be6 27. Ng4 Rd8 28.
Ne3 b5 29. Ne2 Ne7 30. Ng3 Nc6 31. Qd2 Nd7 32. Nc2 Nb6 33. Qg5 Nxd4 34. Nxd4
Bxd4 35. Re2 Nc4 36. Bxc4 bxc4 37. Rd2 Be5 38. Nxe4 Qc7 39. Nf6+ Kg7 40. Ng4
Bxg4 41. Qxg4 c3 42. bxc3 Qxc3 43. Qb4 Qxb4 44. axb4 Bc3 45. Ra2 Rd6 46. Rb1
Rb6 47. Ra4 Kf6 48. Rb3 d4 49. Kf1 Ke5 50. Ke2 Kd5 51. Kd3 g5 52. Ra5+ Rb5 53.
Rxa6 Bxb4 54. Ra4 1-0

[Event "14e Open International de la Reunion"]
[Site "St Denis"]
[Date "2012.10.10"]
[Round "5.26"]
[White "Fontaine, Willy"]
[Black "Cochard, Franck-Olivier"]
[Result "0-1"]
[WhiteElo "1610"]
[BlackElo "1554"]
[PlyCount "108"]
[EventDate "2012.??.??"]

1. e4 c5 2. Nf3 Nc6 3. c3 Qa5 4. Be2 Nf6 5. e5 Ng4 6. e6 dxe6 7. h3 Nf6 8. O-O
g6 9. a3 Bg7 10. b4 cxb4 11. Bb2 bxc3 12. Bxc3 Qd8 13. Bb5 Qb6 14. a4 O-O 15.
Ra2 a6 16. Bxc6 Qxc6 17. Rc2 Qxa4 18. Ng5 h6 19. Nf3 b5 20. Ne5 Bb7 21. f3 Rac8
22. d4 b4 23. Rb2 Qxd1 24. Rxd1 bxc3 25. Rxb7 c2 26. Rc1 cxb1=Q 27. Rcxb1 Nd5
28. Ra7 Ra8 29. Rab7 a5 30. h4 a4 31. h5 Bxe5 32. dxe5 gxh5 33. Ra1 a3 34. Rb3
a2 35. Rb2 Nc3 36. Rc2 Rfb8 37. Rxc3 Rb1+ 38. Rc1 Rxc1+ 39. Rxc1 a1=Q 40. Rxa1
Rxa1+ 41. Kh2 Kg7 42. Kg3 Kg6 43. f4 Ra3+ 44. Kh4 Kf5 45. Kxh5 Kxf4 46. Kxh6
Rg3 47. Kh7 f6 48. exf6 exf6 49. Kh6 e5 50. Kh5 e4 51. Kh4 e3 52. Kh5 e2 53.
Kh4 e1=Q 54. Kh5 Qh1# 0-1

[Event "14e Open International de la Reunion"]
[Site "St Denis"]
[Date "2012.10.10"]
[Round "5.27"]
[White "Rivolo, Jean-Guillaume"]
[Black "Chan-Faye, Yoann"]
[Result "1-0"]
[WhiteElo "1486"]
[BlackElo "1532"]
[PlyCount "106"]
[EventDate "2012.??.??"]

1. d4 d5 2. Nf3 Nf6 3. Bg5 e6 4. e3 Be7 5. c4 O-O 6. Nc3 Nbd7 7. Be2 h6 8. Bh4
dxc4 9. Bxc4 Nb6 10. Bb3 c5 11. dxc5 Bxc5 12. O-O Be7 13. Qe2 Bd7 14. Rfd1 Qc7
15. Bg3 Qc8 16. Rac1 Bc6 17. Ne5 Rd8 18. Nxc6 bxc6 19. Qf3 Qb7 20. Ne4 Nfd5 21.
Nc5 Bxc5 22. Rxc5 Rac8 23. Rcc1 c5 24. Qe2 Rc6 25. Be5 Rdc8 26. e4 Ne7 27. Qg4
Ng6 28. Bc3 c4 29. Bc2 e5 30. Qg3 Qe7 31. a3 Qe6 32. Qe3 Nf4 33. Rd2 Qg4 34. g3
Qh3 35. f3 Ng6 36. Qf2 Qh5 37. Bd1 Qg5 38. Bc2 Nf4 39. Qe1 Rg6 40. Rdd1 h5 41.
Bd2 h4 42. g4 h3 43. Qf2 Qf6 44. Be3 c3 45. b3 Qe7 46. Bxf4 exf4 47. a4 Rd6 48.
Qe2 Qd7 49. Rd3 Rxd3 50. Bxd3 Qd4+ 51. Kf1 Nd7 52. Qc2 Ne5 53. Be2 Qd2 1-0

[Event "14e Open International de la Reunion"]
[Site "St Denis"]
[Date "2012.10.10"]
[Round "5.28"]
[White "Artigaud, Daniel"]
[Black "Denis, Valentin"]
[Result "1/2-1/2"]
[WhiteElo "1430"]
[BlackElo "1498"]
[PlyCount "112"]
[EventDate "2012.??.??"]

1. d4 e6 2. Nf3 Nf6 3. e3 d5 4. Bd3 c5 5. b3 Nc6 6. a3 Qb6 7. Nbd2 Bd7 8. Bb2
Bd6 9. c4 a5 10. Qc2 Qa7 11. O-O a4 12. cxd5 exd5 13. dxc5 Qxc5 14. Qxc5 Bxc5
15. b4 Be7 16. Rfe1 Bg4 17. h3 Bh5 18. Bb5 O-O 19. Rac1 Bxb4 20. axb4 a3 21.
Bc3 Bxf3 22. gxf3 Rac8 23. Bxc6 Rxc6 24. Ba1 Rfc8 25. Rxc6 Rxc6 26. Bd4 Rc2 27.
Nb3 Rc4 28. Rc1 b5 29. Rxc4 dxc4 30. Nc1 Nd5 31. Na2 f6 32. Kf1 Kf7 33. Ke1 Kg6
34. Kd2 Kg5 35. Nc3 Nxc3 36. Bxc3 Kh4 37. e4 Kxh3 38. f4 Kg4 39. e5 fxe5 40.
fxe5 Kf5 41. f4 h5 42. Ke2 g5 43. fxg5 Kxg5 44. Ke3 Kf5 45. Kf3 h4 46. Kg2 Kg5
47. Kh3 a2 48. Bd4 Kf5 49. Kxh4 Ke4 50. Ba1 Kd3 51. e6 c3 52. e7 c2 53. e8=Q
c1=Q 54. Qxb5+ Qc4+ 55. Qxc4+ Kxc4 56. b5 Kxb5 1/2-1/2

[Event "14e Open International de la Reunion"]
[Site "St Denis"]
[Date "2012.10.10"]
[Round "5.29"]
[White "Ringayen, Rose-May"]
[Black "Dennemont, Bruno"]
[Result "1-0"]
[WhiteElo "1567"]
[BlackElo "1299"]
[PlyCount "91"]
[EventDate "2012.??.??"]

1. e4 e5 2. Nf3 Nc6 3. d4 f6 4. dxe5 fxe5 5. Bc4 Bc5 6. Bxg8 Rxg8 7. Qd5 Bxf2+
8. Kxf2 Rf8 9. Rf1 d6 10. Kg1 Qe7 11. Be3 Nb4 12. Qb5+ Bd7 13. Qxb4 b6 14. Nc3
Bc6 15. Qc4 Bb7 16. Nb5 c6 17. Nc3 h5 18. Ng5 O-O-O 19. Qe6+ Qd7 20. Qxd7+ Kxd7
21. Rxf8 Rxf8 22. Rf1 Rxf1+ 23. Kxf1 c5 24. Kf2 Ke7 25. Kg3 Bc6 26. Kh4 g6 27.
g4 hxg4 28. Kxg4 Kd7 29. Nf3 Kc7 30. Kg5 Be8 31. Nh4 Kb7 32. Nxg6 Ka6 33. h4
Ka5 34. Nd5 Bf7 35. h5 Kb5 36. h6 Bg8 37. Kf6 Kc4 38. Nde7 Bh7 39. Kg7 Bxg6 40.
Kxg6 a5 41. h7 b5 42. h8=Q b4 43. Qg8+ Kb5 44. c4+ bxc3 45. Qb3+ Ka6 46. Nc8
1-0

[Event "14e Open International de la Reunion"]
[Site "St Denis"]
[Date "2012.10.10"]
[Round "5.30"]
[White "Ringayen, Francinel"]
[Black "Francois, Robert"]
[Result "1-0"]
[WhiteElo "1180"]
[BlackElo "1530"]
[PlyCount "241"]
[EventDate "2012.??.??"]

1. e4 c5 2. Bc4 e6 3. Nf3 Qc7 4. e5 Nc6 5. Qe2 a6 6. c3 d5 7. exd6 Bxd6 8. g3
Nf6 9. d4 cxd4 10. cxd4 O-O 11. Nc3 b5 12. Bb3 Bd7 13. d5 exd5 14. Qd3 Nb4 15.
Qd4 Rfe8+ 16. Be3 Bh3 17. Ng5 Bf5 18. O-O Bc2 19. Qb6 Bxb3 20. Qxc7 Bxc7 21.
axb3 Nd3 22. Rab1 b4 23. Na4 h6 24. Nf3 Ng4 25. Bb6 Bd6 26. Rbd1 Nde5 27. Nd4
Nd7 28. h3 Nxb6 29. Nxb6 Nf6 30. Nf5 Rad8 31. Nxd5 Re2 32. Nxf6+ gxf6 33. Nxh6+
Kf8 34. Nf5 Bc7 35. Rxd8+ Bxd8 36. Rd1 Bb6 37. Rf1 Rxb2 38. Nd6 Kg7 39. Nc4 Bd4
40. Nxb2 Bxb2 41. Rb1 Ba3 42. Rd1 a5 43. Rd5 Kg6 44. Rxa5 f5 45. f4 Kf6 46. g4
fxg4 47. hxg4 Bc1 48. g5+ Kg6 49. Ra6+ Kg7 50. Rb6 Bxf4 51. Rxb4 Bxg5 52. Rg4
Kf6 53. b4 Be3+ 54. Kg2 Ke5 55. b5 Kd5 56. Rg3 Bb6 57. Rf3 Kc4 58. Rf5 f6 59.
Kf3 Bc5 60. Rxf6 Kxb5 61. Rf5 Kc6 62. Ke4 Bg1 63. Kd3 Kd6 64. Rg5 Ba7 65. Ke4
Kc6 66. Rd5 Bg1 67. Rd1 Ba7 68. Ke5 Bb8+ 69. Ke6 Kc5 70. Rc1+ Kd4 71. Kd7 Bf4
72. Ra1 Kd3 73. Ra3+ Kc2 74. Rf3 Bb8 75. Kc8 Be5 76. Re3 Ba1 77. Re2+ Kd3 78.
Re1 Bh8 79. Rh1 Be5 80. Re1 Bg3 81. Ra1 Kc2 82. Ra2+ Kb1 83. Ra3 Be1 84. Rd3
Kc2 85. Rd6 Bb4 86. Rc6+ Kd2 87. Rc4 Bf8 88. Rf4 Ba3 89. Rf2+ Ke1 90. Ra2 Bf8
91. Kd7 Bh6 92. Ke6 Bc1 93. Rh2 Ba3 94. Ke5 Bf8 95. Ke4 Bd6 96. Ra2 Kf1 97. Kf3
Ke1 98. Ke3 Bc5+ 99. Kd3 Kf1 100. Kc4 Bf8 101. Kd4 Bg7+ 102. Ke3 Kg1 103. Kf3
Bd4 104. Rd2 Bb6 105. Kg3 Kf1 106. Kf3 Ke1 107. Re2+ Kd1 108. Rh2 Kc1 109. Ke4
Ba5 110. Kd4 Bc7 111. Re2 Kd1 112. Kd3 Ba5 113. Rg2 Ke1 114. Ra2 Bb6 115. Rb2
Kf1 116. Rxb6 Ke1 117. Rb2 Kf1 118. Ke3 Kg1 119. Kf3 Kh1 120. Kg3 Kg1 121. Rb1#
1-0

[Event "14e Open International de la Reunion"]
[Site "St Denis"]
[Date "2012.10.10"]
[Round "5.31"]
[White "Tang Hon Yue, Thibault"]
[Black "Noel, Philippe"]
[Result "1-0"]
[WhiteElo "1506"]
[BlackElo "1380"]
[PlyCount "91"]
[EventDate "2012.??.??"]

1. d4 d5 2. Nf3 Nf6 3. c4 e6 4. Nc3 Bb4 5. e3 Bxc3+ 6. bxc3 Ne4 7. Qc2 f6 8.
Bd3 O-O 9. cxd5 exd5 10. Bxe4 dxe4 11. Qxe4 Re8 12. Qc2 Be6 13. O-O c6 14. Bb2
Nd7 15. Rad1 Bd5 16. Nd2 Qc7 17. c4 Bf7 18. Qc3 Rad8 19. Rfe1 c5 20. d5 Qd6 21.
Nf3 Bh5 22. e4 Ne5 23. Rb1 Nxf3+ 24. gxf3 Qf4 25. Kg2 Re5 26. Bc1 Qh4 27. f4
Re7 28. Qg3 Qxg3+ 29. Kxg3 f5 30. e5 b6 31. a4 h6 32. Be3 Kh7 33. h4 Kg6 34. a5
Rc7 35. axb6 axb6 36. Rxb6+ Kh7 37. Ra1 Rg8 38. Rb5 Rgc8 39. Raa5 Rc6 40. dxc6
Rd8 41. c7 Rd1 42. Kh2 Bf3 43. Kg3 Be4 44. f3 Bd3 45. c8=Q h5 46. Ra8 1-0

[Event "14e Open International de la Reunion"]
[Site "St Denis"]
[Date "2012.10.10"]
[Round "5.32"]
[White "Sandjivy, Vivien"]
[Black "Artigaud, Laurent"]
[Result "0-1"]
[WhiteElo "1100"]
[BlackElo "1500"]
[PlyCount "80"]
[EventDate "2012.??.??"]

1. Nf3 c5 2. e4 Nc6 3. c3 e6 4. d3 d5 5. Qe2 dxe4 6. Qxe4 Nf6 7. Qc4 b6 8. Be3
Bb7 9. d4 cxd4 10. cxd4 Be7 11. Nc3 O-O 12. Be2 Rc8 13. Qb3 Bb4 14. O-O Bxc3
15. bxc3 Nd5 16. Qc2 Na5 17. Rac1 Rxc3 18. Qd2 Rxc1 19. Rxc1 Nxe3 20. Qxe3 Qd6
21. Qd3 Rc8 22. Rxc8+ Bxc8 23. Qc2 Bb7 24. Ng5 g6 25. Ne4 Qc6 26. Qxc6 Nxc6 27.
Nf6+ Kg7 28. Ne8+ Kf8 29. Nd6 Nxd4 30. Nxb7 Nxe2+ 31. Kf1 Nc3 32. a3 Nb1 33. a4
a6 34. Nd6 Nc3 35. Nc4 Nxa4 36. g3 b5 37. Na5 Ke7 38. Ke2 Kd6 39. Kd2 Nc5 40.
Kc3 Kc7 0-1

[Event "14e Open International de la Reunion"]
[Site "St Denis"]
[Date "2012.10.10"]
[Round "5.33"]
[White "Rivolo, Anne-Claire"]
[Black "Romain, Juliane"]
[Result "0-1"]
[WhiteElo "1470"]
[BlackElo "1367"]
[PlyCount "62"]
[EventDate "2012.??.??"]

1. e4 e5 2. Nf3 Nc6 3. d4 exd4 4. Nxd4 Nf6 5. Nxc6 bxc6 6. Bd3 Bc5 7. Qe2 O-O
8. Be3 Bb6 9. Nd2 d6 10. h3 Re8 11. Bxb6 cxb6 12. O-O Bb7 13. Rfe1 Qc7 14. f3
Re6 15. Qf2 Rae8 16. Re2 d5 17. Rae1 c5 18. c3 h6 19. b3 a6 20. a3 b5 21. c4
bxc4 22. bxc4 d4 23. f4 Nd7 24. f5 Rb6 25. Rb1 Rxb1+ 26. Nxb1 Nf6 27. Qf3 Qa5
28. g4 Bc6 29. h4 Nd7 30. Qf4 Qd8 31. g5 h5 0-1

[Event "14e Open International de la Reunion"]
[Site "St Denis"]
[Date "2012.10.10"]
[Round "5.34"]
[White "Hoareau, Noe"]
[Black "Singuina, Yvan"]
[Result "0-1"]
[WhiteElo "1420"]
[BlackElo "1350"]
[PlyCount "80"]
[EventDate "2012.??.??"]

1. e4 c5 2. c3 Qa5 3. Na3 Nc6 4. Nc4 Qd8 5. Nf3 Nf6 6. e5 Nh5 7. d4 cxd4 8.
cxd4 e6 9. a3 Na5 10. Nxa5 Qxa5+ 11. Bd2 Qb6 12. Bc3 d6 13. Qd2 Be7 14. a4 O-O
15. g4 dxe5 16. Nxe5 Nf6 17. Ba5 Qb3 18. h4 Qd5 19. Rh3 b6 20. Bc3 Bd6 21. g5
Ne4 22. Qe3 Nxc3 23. bxc3 Bxe5 24. dxe5 Bb7 25. h5 Rac8 26. Rh2 Qb3 27. g6 fxg6
28. Rc1 Qxa4 29. hxg6 h6 30. Rxh6 gxh6 31. Qxh6 Qe4+ 32. Be2 Rc7 33. g7 Rxg7
34. Qxe6+ Rff7 35. Qe8+ Kh7 36. Qd8 Ba6 37. c4 b5 38. f3 Qxe5 39. Kf2 Qh2+ 40.
Ke3 Re7+ 0-1

[Event "14e Open International de la Reunion"]
[Site "St Denis"]
[Date "2012.10.10"]
[Round "5.35"]
[White "Altiery, Hugo"]
[Black "Ah Soune, Alexandra"]
[Result "1/2-1/2"]
[WhiteElo "1400"]
[BlackElo "1090"]
[PlyCount "113"]
[EventDate "2012.??.??"]

1. e4 e5 2. Nf3 Nc6 3. Bc4 Nf6 4. Ng5 d5 5. exd5 Na5 6. Bb5+ c6 7. dxc6 bxc6 8.
Be2 g6 9. d3 Bg7 10. O-O O-O 11. Nc3 c5 12. Be3 Qc7 13. Nge4 Nb7 14. Bf3 Rb8
15. Nxf6+ Bxf6 16. Nd5 Qd6 17. Nxf6+ Qxf6 18. Bxb7 Bxb7 19. Bxc5 Qc6 20. Qf3
Qxc5 21. Qe2 f5 22. Rfe1 Qc6 23. f3 Rfe8 24. Kh1 e4 25. Rf1 e3 26. c4 Ba6 27.
a3 Rb3 28. Rfe1 f4 29. Rec1 Qb7 30. Rc2 Qd7 31. Qd1 Rxd3 32. Qe1 Rd2 33. Rcc1
e2 34. h3 Rd1 35. Rxd1 exd1=Q 36. Qxd1 Qxd1+ 37. Rxd1 Bxc4 38. Rd7 Re1+ 39. Kh2
a6 40. Rd4 Bb5 41. Rxf4 a5 42. b4 a4 43. Rd4 Ra1 44. Rd5 Bc6 45. Rc5 Bd7 46.
Rc3 Rb1 47. Kg3 Rb2 48. Rc7 Be6 49. Rb7 Rb3 50. b5 Bd5 51. Rb8+ Kg7 52. b6 Rxa3
53. Rd8 Bc6 54. Rc8 Bd5 55. Rd8 Bc6 56. Rc8 Bd5 57. Rd8 1/2-1/2

[Event "14e Open International de la Reunion"]
[Site "St Denis"]
[Date "2012.10.10"]
[Round "5.36"]
[White "Atlan, Yoram"]
[Black "Sandjivy, Jean Marc"]
[Result "1-0"]
[WhiteElo "1009"]
[BlackElo "1392"]
[PlyCount "95"]
[EventDate "2012.??.??"]

1. e4 c5 2. Nf3 Nc6 3. Bb5 Qc7 4. Bxc6 Qxc6 5. Nc3 d6 6. d4 cxd4 7. Nxd4 Qd7 8.
O-O Nf6 9. Bg5 h6 10. Bxf6 exf6 11. Nf5 b6 12. Qg4 g5 13. Nd5 h5 14. Nxf6+ Kd8
15. Nxh5 d5 16. Qxg5+ Be7 17. Nxe7 Qxe7 18. Qxd5+ Qd7 19. Qxa8 Qc7 20. Rfd1+
Ke7 21. Rd5 Rh7 22. Nf4 Rh8 23. g3 Re8 24. Rg5 Bb7 25. Qxa7 Ra8 26. Nd5+ Kd7
27. Qxb6 Bxd5 28. Qxc7+ Kxc7 29. Rxd5 Kc6 30. a3 f5 31. Rxf5 Rd8 32. e5 Rd2 33.
Rf6+ Kd5 34. e6 Ke5 35. e7 Kxf6 36. e8=Q Kf5 37. c4 Kg4 38. c5 Kf3 39. Qa8+ Kg4
40. c6 Rc2 41. Qc8+ Kf3 42. Qd7 Rxf2 43. Rf1 Rxf1+ 44. Kxf1 Ke3 45. c7 Kf3 46.
c8=Q Ke3 47. Qc3+ Ke4 48. Qdd4+ 1-0

[Event "14e Open International de la Reunion"]
[Site "St Denis"]
[Date "2012.10.10"]
[Round "5.37"]
[White "Cazal, Julian"]
[Black "Caro, Vincent"]
[Result "0-1"]
[WhiteElo "1130"]
[BlackElo "1280"]
[PlyCount "54"]
[EventDate "2012.??.??"]

1. e4 e5 2. Nf3 Nc6 3. Bd3 Nf6 4. O-O Bc5 5. Bc4 O-O 6. c3 Nxe4 7. d4 exd4 8.
cxd4 d5 9. Bd3 Nxd4 10. Bc2 Nxc2 11. Qxc2 Bb6 12. Nc3 Nxc3 13. Bg5 Qd6 14. bxc3
Bg4 15. Nh4 Rae8 16. Qa4 Bh5 17. c4 Re4 18. Nf5 Qc5 19. Qd7 Rfe8 20. Bd2 Be2
21. Rfe1 Qxf2+ 22. Kh1 R4e5 23. Bb4 c5 24. Ba3 Qxf5 25. Qxb7 Bxc4 26. Bb2 Rxe1+
27. Rxe1 Rxe1# 0-1

[Event "14e Open International de la Reunion"]
[Site "St Denis"]
[Date "2012.10.10"]
[Round "5.38"]
[White "Le Maguet, Loan"]
[Black "Cazal, Vincent"]
[Result "0-1"]
[WhiteElo "1270"]
[BlackElo "1490"]
[PlyCount "92"]
[EventDate "2012.??.??"]

1. e4 c6 2. d4 d5 3. Nc3 e6 4. a3 Nd7 5. Bf4 Ngf6 6. Bd3 dxe4 7. Nxe4 Nxe4 8.
Bxe4 Nf6 9. Bf3 Bd6 10. Be3 Nd5 11. Bxd5 cxd5 12. Nf3 Qa5+ 13. c3 Qb5 14. Rb1
b6 15. Qc2 Ba6 16. Rd1 Rc8 17. Qd2 O-O 18. Qc2 Rfe8 19. Ng5 g6 20. Nf3 e5 21.
Rb1 e4 22. Ng1 Qa5 23. Qd2 Bd3 24. Rc1 Qb5 25. Bh6 f6 26. Be3 g5 27. Ne2 h6 28.
Rd1 f5 29. g3 Qc4 30. Nc1 f4 31. gxf4 gxf4 32. Bxf4 e3 33. fxe3 Bxf4 34. Rg1+
Kh8 35. Nxd3 Rxe3+ 36. Kf2 Rf3+ 37. Kxf3 Bxd2 38. Rxd2 Rf8+ 39. Ke2 Re8+ 40.
Kd1 Re3 41. Rdg2 Qxd3+ 42. Kc1 Re7 43. Rg4 b5 44. Rh4 Qe3+ 45. Kc2 Qxg1 46.
Rxh6+ Kg7 0-1

[Event "14e Open International de la Reunion"]
[Site "St Denis"]
[Date "2012.10.12"]
[Round "8.1"]
[White "Akshat, Khamparia"]
[Black "Rodier, David"]
[Result "1-0"]
[WhiteElo "2382"]
[BlackElo "2133"]
[PlyCount "87"]
[EventDate "2012.??.??"]

1. d4 d6 2. c4 e5 3. Nf3 exd4 4. Nxd4 Ne7 5. e4 Nbc6 6. Nc2 g6 7. Nc3 Bg7 8.
Bg5 h6 9. Be3 Be6 10. Qd2 Ne5 11. b3 a6 12. h3 Qd7 13. Be2 g5 14. O-O-O O-O-O
15. h4 Bf6 16. Nd5 Bxd5 17. cxd5 Ng4 18. Bxg4 Qxg4 19. f3 Qd7 20. hxg5 hxg5 21.
Bxg5 Bxg5 22. Qxg5 Rhg8 23. Qd2 c6 24. dxc6 Qxc6 25. Kb1 d5 26. Nb4 Qf6 27. Rh6
Rg6 28. Rxg6 Qxg6 29. Qc2+ Kb8 30. Nxd5 Nxd5 31. exd5 Qf6 32. Qd3 Qd6 33. Qf5
Rg8 34. g4 Rh8 35. Qxf7 Ka8 36. Qe6 Qa3 37. Rc1 Qb4 38. Qe4 Qd2 39. Rc2 Qa5 40.
Qd4 Re8 41. Kb2 Qb5 42. d6 Re2 43. d7 Rxc2+ 44. Kxc2 1-0

[Event "14e Open International de la Reunion"]
[Site "St Denis"]
[Date "2012.10.12"]
[Round "8.2"]
[White "Hecht, Hans-Joachim"]
[Black "Seyfried, Claus"]
[Result "1-0"]
[WhiteElo "2347"]
[BlackElo "2160"]
[PlyCount "51"]
[EventDate "2012.??.??"]

1. d4 d5 2. c4 dxc4 3. Nf3 a6 4. e3 b5 5. a4 Bb7 6. b3 e6 7. bxc4 bxc4 8. Bxc4
Nf6 9. O-O c5 10. Ba3 Nbd7 11. Nbd2 Be7 12. Rb1 Bc6 13. Qc2 O-O 14. Rfc1 cxd4
15. Bxe7 Qxe7 16. Nxd4 Rfc8 17. Bxe6 fxe6 18. Nxc6 Qd6 19. Rb3 Ne5 20. Rc3 Rf8
21. Ne4 Nxe4 22. Qxe4 Ng6 23. Rd3 Qc7 24. Qxe6+ Rf7 25. Rcd1 Nf8 26. Qd5 1-0

[Event "14e Open International de la Reunion"]
[Site "St Denis"]
[Date "2012.10.12"]
[Round "8.3"]
[White "Reinhart, Emmanuel"]
[Black "Roblet, Charles"]
[Result "1-0"]
[WhiteElo "2312"]
[BlackElo "2058"]
[PlyCount "53"]
[EventDate "2012.??.??"]

1. e4 c5 2. Nf3 Nc6 3. Bb5 g6 4. O-O Bg7 5. Re1 Nf6 6. c3 O-O 7. d4 cxd4 8.
cxd4 d6 9. h3 a6 10. Bf1 b5 11. a4 bxa4 12. Nc3 a5 13. Bg5 h6 14. Bd2 Nb4 15.
Nxa4 Rb8 16. Bc3 d5 17. e5 Ne4 18. Nd2 Bf5 19. Nxe4 Bxe4 20. Nc5 Bf5 21. g4 Bc8
22. Nb3 Bd7 23. Rxa5 Qb6 24. Ra3 Ra8 25. Nc5 Na2 26. Rxa2 Bb5 27. Rxa8 1-0